Statistics for Countries with Daylight Saving Time

Click here to take the quiz!

General Stats

  • This quiz has been taken 115 times
  • The average score is 50 of 65

Answer Stats

Country% Correct
Canada
97%
Australia
94%
France
92%
Spain
92%
Norway
91%
Finland
90%
Germany
90%
New Zealand
90%
Portugal
90%
Sweden
90%
Latvia
89%
United States
89%
Austria
88%
Brazil
88%
Lithuania
88%
United Kingdom
88%
Denmark
87%
Estonia
87%
Italy
87%
Mexico
86%
Poland
86%
Greece
85%
Netherlands
85%
Ukraine
85%
Slovenia
84%
Belgium
83%
Hungary
83%
Ireland
83%
Slovakia
83%
Andorra
82%
Chile
82%
Serbia
82%
Turkey
82%
Albania
81%
Czech Republic
81%
Luxembourg
80%
Romania
80%
Vatican City
80%
Bulgaria
79%
Croatia
79%
Switzerland
79%
Macedonia
77%
Moldova
76%
Monaco
76%
Liechtenstein
75%
Malta
75%
San Marino
75%
Kosovo
73%
Montenegro
72%
Cyprus
71%
Israel
68%
Bosnia and Herzegovina
67%
Uruguay
67%
Paraguay
65%
Cuba
60%
Iran
59%
Syria
58%
Bahamas
57%
Haiti
54%
Morocco
51%
Fiji
49%
Lebanon
49%
Libya
42%
Samoa
37%
Namibia
32%

Score Distribution

Percentile by Number Answered

Percent of People with Each Score

Your Score History

You have not taken this quiz